000 01634nam a22002417a 4500
003 NALT
005 20211119142631.0
008 s2547 th tha d
020 _a9746564161
040 _aNALT
041 _atha
050 _aHV 6570.9.T5
_bท364ก 2547
100 0 _aทัศนีย์ ปุวรัตน์
_954905
245 1 0 _aการวิจัยเพื่อพัฒนาระบบการดูแลบำบัดฟื้นฟูเด็กถูกทารุณกรรมทางเพศในครอบครัวที่อยู่ในเครือข่ายบ้านพักเด็ก จังหวัดเชียงใหม่ กรณีศึกษา :
_bการเข้าถึงอัตลักษณ์ของเด็กที่ถูกทารุณกรรมทางเพศ โดยบุคคลในครอบครัว /
_cทัศนีย์ ปุวรัตน์ และคณะ
260 _aกรุงเทพฯ :
_bสำนักงานกองทุนสนับสนุนการวิจัย,
_c2547
300 _a174 หน้า :
_bภาพประกอบ ;
_c29 ซม.
650 0 4 _aการทารุณทางเพศเด็ก -- วิจัย
650 0 4 _aทารุณกรรมทางเพศ -- เด็ก -- วิจัย
650 0 4 _aเด็กที่ถูกทารุณทางเพศ -- วิจัย
650 0 4 _aการทารุณเด็ก -- วิจัย
850 _aNALT
942 _cRSH
_2lcc
999 _c43903
_d43903
998 _j109
_k อารีรัตน์ วิชาช่าง